000 00974cam a2200277 a 4500
001 3476
005 20240311111831.0
020 _a9780140548525
040 _aDLC
_cDLC
_dDLC
_beng
050 0 0 _aGV1218.H35
_b 1987
082 0 0 _a793.4
100 1 _aWestcott, Nadine Bernard
245 1 0 _aPeanut butter and jelly :
_ba play rhyme /
_cillustrated by Nadine Bernard Westcott
250 _aFirst edition
260 _aLondon :
_bPuffin Books ,
_c1987
300 _a24 unnumbered pages :
_bcolor illustrations ;
_c21 cm.
505 _aH
520 _aRhyming text and illustrations explain how to make a peanut butter jelly sandwich. Includes instructions for accompanying hand and foot motions at the end of the book.
521 _a430
_bLexile estimate
521 _aH
_bRaz-Plus
650 0 _aHand games
_xJuvenile literature
650 1 _aFinger play
650 1 _aGames
906 _a7
_bcbc
_corignew
_d1
_eocip
_f19
_gy-gencatlg
942 _2ddc
_cBK
_n0
999 _c3476
_d3476